000 01219cam a22002535a 4500
001 L158829
008 150730s2010 xxk f 000 0 eng d
020 _a978097785705
035 _a(Sirsi) u158829
041 0 _aeng
050 0 4 _aF692.3
110 2 _aBuilding Owners and Managers Association International
_96157
245 0 0 _aOffice buildings
_bStandard methods of measurement
260 _aWashington DC
_bBOMA
_c2010
300 _aiv, 64p 27cm
520 _aThis standard is intended to measure office buildings let to single and multiple occupants on a rentable area basis. Outlines two measurement methods: Legacy method calculates the rental areas of the building and each of its floor levels and Single Load Factor Method uses base building circulation which redistributes the rentable area of the building across its floor levels in a manner that produces an identical load factor on all floor levels of the building. The BOMA Standard for office buildings have been in use since 1915.
590 _aKA
650 2 4 _aSTANDARDS METHODS OF MEASUREMENT
650 2 4 _aOFFICES
651 4 _aUnited States
690 _aMeasurement
_96256
690 _aCommercial property
_96227
942 _n0
_2ddc
999 _c115527
_d115527